00311nam a2200121Ia 4500008004100000041000800041082001400049100001200063245004500075260003500120300002700155365000700182240624s9999 xx 000 0 und d aeng a006.7 RAO aROA K R aMULTIMEDIA COMMUNICATION SYSTEMS TECHNIQ c2004aDelhibPearson Education axxvi, : 545 : cm. ; 25 cRS